| 000 | 01403cam a22003131i 4500 | ||
|---|---|---|---|
| 003 | SA-RiAUC | ||
| 005 | 20251228081802.0 | ||
| 008 | 251121s1967 ua g 000 0dara c | ||
| 040 |
_aSA-JeALM _bara _cSA-RiAUC _erda |
||
| 041 | 1 |
_aara _hund |
|
| 043 | _ae-gx--- | ||
| 082 | 0 | 4 |
_a216 _qSA-RiAUC |
| 090 |
_a216 _bب ا ر |
||
| 100 | 1 |
_aبارت، رودي، _d1901-1983 _eمؤلف. |
|
| 245 | 1 | 2 |
_aالدراسات العربية والإسلامية في الجامعات الألمانية : _bالمستشرقون الألمان منذ تيودور نولدكه / _cتأليف رودي بارت ؛ ترجمة مصطفى ماهر. |
| 264 | 1 |
_aالقاهرة : _bدار الكتاب العربي، _c1967 |
|
| 300 |
_a116 صفحة ؛ _c24 سم |
||
| 336 |
_aنص _btxt _2rdacontent _3كتاب |
||
| 337 |
_aبدون وسيط _bn _2rdamedia |
||
| 338 |
_aمجلد _bnc _2rdacarrier |
||
| 500 | _aتوجد ملاحظات من الشيخ في داخل الكتاب. | ||
| 600 | 1 | 7 |
_aنولدكه، تيودور، _d1836-1930 _2aucnm |
| 650 | 7 |
_aالاستشراق والمستشرقون _zألمانيا _2aucsh |
|
| 650 | 7 |
_aالتاريخ الإسلامي _xدراسة وتعليم _2aucsh |
|
| 650 | 7 |
_aالجامعات والكليات _zألمانيا _2aucsh |
|
| 700 | 1 |
_aماهر، مصطفى، _d1936-2021 _eمترجم. |
|
| 942 |
_2ddc _cBOOK _n0 |
||
| 949 |
_aSA-JeALM _d251121 _umohamedma123 _n1 |
||
| 999 |
_c13742 _d13742 |
||